000 00312nam a2200109Ia 4500
005 20251222152718.0
008 251222s9999||||xx |||||||||||||| ||spa||
082 _a025.0633/C91
100 _aComisión Económica para América Latina y el Caribe
245 0 _aSistema de Información Bibliográfica:
942 _cLIB
999 _c29477
_d29477